000 01376cam a22004214i 4500
003 PE-LiUPU
005 20250812154733.0
008 170202s2007 ne rb 000 0 eng d
020 _a9781573120609
035 _a(Sirsi) a166696
040 _aPE-LiUPU
_bspa
_cPE-LiUPU
_erda
049 _aPRUA
082 0 4 _a222.13077
_bB155l
_221
100 1 _aBailey, Lloyd R.,
_eautor.
_96517
245 0 0 _aLeviticus-Numbers :
_bSmyth & Helweys Bible Commentary /
_cLloyd R. Bailey.
264 1 _aMacon, Georgia :
_bSmith & Helweys,
_c2005.
300 _a648 páginas ;
_c27 centímetros.
336 _atext
_2rdacontent
337 _aunmediated
_2rdamedia
338 _avolume
_2rdacarrier
490 0 _aSmyth & Helwys Bible commentary ;
_vv.3
526 _aSEG42
526 _aSEG41
526 _aSEG40
526 _aSEG39
526 _aP94
526 _aP87
526 _aP86
526 _aP85
526 _aP77
526 _aP76
526 _aP35
630 1 4 _aBiblia.
_pLevítico
_xCrítica, interpretación, etc.
_91275
630 1 4 _aBiblia.
_pNúmeros
_xCrítica, interpretación, etc.
_91533
942 _2ddc
_cBK
980 _818226
_gJaime Vilcazán Jefe de Análisis Documental
_618226
_aJaime Vilcazán Jefe de Análisis Documental
999 _c63022
_d63021